000 00326 a2200157 4500
001 59816
020 _a3789133094
040 _cAnchieta - Pituba
100 _aDoyle, Brian
240 1 0 _aBoy o'boy
_lpor
245 1 0 _aBoy o'boy
300 _a174
362 0 _a2005
650 4 _aLiteratura juvenil em alemão
942 _cBK
999 _c59816
_d59816